[Event "ICS Rated blitz match"]
[Site "204.178.125.65"]
[Date "2000.01.26"]
[Round "?"]
[White "Hossa"]
[Black "BugChess"]
[Result "1-0"]
[WhiteElo "2334"]
[BlackElo "2350"]
[PlyCount "129"]

1. e4 c6 2. Nc3 d5 3. Nf3 Bg4 4. Be2 e6 5. exd5 cxd5 6. O-O Nf6 7. Re1 Bd6 8.
Nb5 O-O 9. Nxd6 Qxd6 10. d4 Nc6 11. h3 Bf5 12. c3 Rac8 13. Be3 Na5 14. Nh4 Nc4
15. Nxf5 exf5 16. Bxc4 Rxc4 17. Qd3 f4 18. Bc1 h6 19. Qf5 g5 20. h4 Nh7 21.
hxg5 hxg5 22. Re5 Rd8 23. Qg4 f6 24. Rf5 Kf8 25. Bd2 Rc7 26. Qh5 Kg7 27. Re1
Qb6 28. Bc1 Qa6 29. Qg4 Qxa2 30. Bxf4 Rcd7 31. Bc1 Qb1 32. Rf3 Rc7 33. Rh3 Qg6
34. f3 f5 35. Qg3 Rdd7 36. Qh2 Re7 37. Re6 Rxe6 38. Qxc7+ Kh8 39. Bxg5 a5 40.
Qxb7 a4 41. f4 Re1+ 42. Kf2 Re6 43. Qd7 Rd6 44. Rxh7+ Kg8 45. Rg7+ Kh8 46. Qe7
Qxg7 47. Qxd6 Qf7 48. Qh6+ Kg8 49. Qc6 a3 50. Qc8+ Qf8 51. Qxf8+ Kxf8 52. bxa3
Ke8 53. Kf3 Kd7 54. g4 Ke6 55. a4 Kd7 56. gxf5 Kd6 57. f6 Ke6 58. a5 Kf7 59. a6
Ke6 60. a7 Kf7 61. a8=Q Ke6 62. Qc6+ Kf7 63. Qd7+ Kg6 64. Kg3 Kh5 65. Qe8# 1-0

[Event "ICS Rated blitz match"]
[Site "204.178.125.65"]
[Date "2000.01.26"]
[Round "?"]
[White "PostModernist"]
[Black "Hossa"]
[Result "1-0"]
[WhiteElo "2497"]
[BlackElo "2351"]
[PlyCount "113"]

1. Nf3 Nf6 2. c4 g6 3. Nc3 c5 4. d4 cxd4 5. Nxd4 Bg7 6. g3 O-O 7. Bg2 Qc7 8. b3
d6 9. O-O Nc6 10. Bb2 a6 11. Rc1 Nxd4 12. Qxd4 Qa5 13. Qh4 e6 14. Rfd1 g5 15.
Qd4 Rd8 16. c5 d5 17. Qe3 h6 18. a3 Qc7 19. Qd3 Nd7 20. Qd2 Be5 21. b4 Nf6 22.
e3 Nh5 23. e4 Nf6 24. Rb1 Bd7 25. exd5 exd5 26. Nxd5 Nxd5 27. Bxe5 Qxe5 28.
Qxd5 Qxd5 29. Rxd5 Bc6 30. Rd6 Bxg2 31. Kxg2 Kg7 32. Rbd1 Rdc8 33. Rd7 Ra7 34.
Re7 Kf6 35. Rdd7 Rb8 36. Rxf7+ Ke6 37. c6 h5 38. f4 gxf4 39. gxf4 a5 40. Kf3
axb4 41. c7 Rc8 42. Ke4 Ra5 43. axb4 Rb5 44. f5+ Rxf5 45. Rde7+ Kd6 46. Kxf5
Kd5 47. Rd7+ Kc6 48. b5+ Kb6 49. Rd6+ Kxb5 50. Rd8 Rxc7 51. Rxc7 b6 52. Rd1 h4
53. Rb1+ Ka6 54. Ra1+ Kb5 55. h3 Kb4 56. Rb1+ Ka5 57. Ra7# 1-0

[Event "ICS Rated blitz match"]
[Site "204.178.125.65"]
[Date "2000.01.26"]
[Round "?"]
[White "Hossa"]
[Black "Marvi"]
[Result "1-0"]
[WhiteElo "2341"]
[BlackElo "2060"]
[PlyCount "61"]

1. Nf3 c6 2. d4 d5 3. Bg5 Bg4 4. Ne5 Bh5 5. g4 f6 6. gxh5 fxe5 7. dxe5 Nd7 8.
Qd4 Qb6 9. Qxb6 axb6 10. e6 Ndf6 11. Bg2 Nxh5 12. e4 Nhf6 13. exd5 Nxd5 14. O-O
Ngf6 15. Rd1 O-O-O 16. Na3 h6 17. Bd2 g5 18. Nc4 b5 19. Ne5 Bg7 20. Nf7 Rhf8
21. Nxd8 Rxd8 22. a4 bxa4 23. Rxa4 Kc7 24. Ra7 Nh5 25. Ba5+ Kb8 26. Bxd8 Kxa7
27. Bxd5 cxd5 28. Ra1+ Kb8 29. Bxe7 Nf4 30. Bd6+ Kc8 31. Ra8# 1-0

[Event "ICS Rated bullet match"]
[Site "204.178.125.65"]
[Date "2000.01.26"]
[Round "?"]
[White "Hossa"]
[Black "JSBach"]
[Result "1-0"]
[WhiteElo "2437"]
[BlackElo "2088"]
[PlyCount "77"]

1. Nf3 d5 2. d4 Bf5 3. Bf4 Nf6 4. e3 Nh5 5. Nh4 Nxf4 6. Nxf5 Ng6 7. Bd3 e6 8.
Ng3 Qg5 9. O-O Bd6 10. f4 Qh4 11. c4 Nd7 12. cxd5 exd5 13. Nf5 Qf6 14. Qh5
O-O-O 15. Nc3 c6 16. Rac1 Kb8 17. Qh3 Bb4 18. Ne2 Nb6 19. a3 Bd2 20. Rc2 Nxf4
21. Nxf4 g5 22. Nh5 Bxe3+ 23. Qxe3 Qg6 24. Qe5+ Ka8 25. Nf6 h5 26. Rc3 Na4 27.
Rb3 Nb6 28. Qe7 Rc8 29. Nd6 Rb8 30. Bxg6 fxg6 31. Rc3 g4 32. Nd7 Nxd7 33. Qxd7
Rhd8 34. Qc7 g3 35. Rxg3 Rg8 36. Rxg6 Rxg6 37. Rf8 Rxg2+ 38. Kxg2 Rxf8 39.
Qxb7# 1-0

[Event "ICS Rated blitz match"]
[Site "204.178.125.65"]
[Date "2000.01.26"]
[Round "?"]
[White "PackMaster"]
[Black "Hossa"]
[Result "1-0"]
[WhiteElo "2440"]
[BlackElo "2346"]
[PlyCount "185"]

1. d4 Nf6 2. c4 e6 3. Nc3 d5 4. Bg5 Bb4 5. e3 Bxc3+ 6. bxc3 c6 7. Bd3 Qa5 8.
Qd2 dxc4 9. Bxf6 cxd3 10. Be5 Nd7 11. Nf3 f6 12. Bg3 Qa6 13. Rd1 c5 14. Qxd3
Qxa2 15. dxc5 O-O 16. c6 bxc6 17. O-O Nb6 18. Qd6 Qc4 19. Nd2 Qxc3 20. Ne4 Qc2
21. Nc5 e5 22. Ne6 Bxe6 23. Qxe6+ Kh8 24. Rc1 Qe2 25. Rfe1 Qd2 26. Red1 Qb2 27.
Rxc6 Qe2 28. Rcd6 Nc4 29. Rd7 a5 30. Qe7 Rg8 31. Rf1 Nd2 32. Rc1 Rac8 33. Ra1
Nc4 34. Rf1 Rce8 35. Qf7 Nd2 36. Ra1 Rb8 37. Rc7 Rb1+ 38. Rxb1 Nxb1 39. Rc1 Nd2
40. Bh4 h6 41. Qd7 Rf8 42. Qd6 Re8 43. Qd5 a4 44. Qc6 Rf8 45. Qxa4 Rd8 46. Qa5
Rg8 47. Qd5 Rf8 48. Bg3 Kh7 49. Qe6 h5 50. Ra1 Kh8 51. Rc1 Rg8 52. Qf7 Ne4 53.
Qd5 Qb2 54. Qd1 Nxg3 55. hxg3 g6 56. Rc7 Qb5 57. e4 Qe8 58. Qd2 g5 59. Qd6 Qg6
60. Qe6 Rg7 61. Rc6 Ra7 62. Qxf6+ Qxf6 63. Rxf6 Ra1+ 64. Kh2 Kg7 65. Rf5 Kg6
66. Rxe5 Rf1 67. f3 Kf6 68. f4 gxf4 69. Rf5+ Kg7 70. gxf4 Kg6 71. Kg3 Re1 72.
Rg5+ Kh6 73. e5 Ra1 74. Rf5 Re1 75. Rf6+ Kg7 76. Rd6 Rf1 77. Rb6 h4+ 78. Kg4
Rf2 79. f5 Kg8 80. e6 Kg7 81. Rb7+ Kh6 82. e7 Re2 83. Kf4 Rf2+ 84. Ke3 Rf1 85.
Ke2 Rxf5 86. e8=Q Rf6 87. Qh8+ Kg6 88. Qh7+ Kg5 89. Rb5+ Kg4 90. Qg7+ Rg6 91.
Qxg6+ Kf4 92. Rf5+ Ke4 93. Qg4# 1-0

[Event "ICS Rated blitz match"]
[Site "204.178.125.65"]
[Date "2000.01.26"]
[Round "?"]
[White "Hossa"]
[Black "Beadle"]
[Result "0-1"]
[WhiteElo "2334"]
[BlackElo "2550"]
[PlyCount "150"]

1. Nf3 Nf6 2. c4 c6 3. g3 d5 4. b3 Bf5 5. Bg2 e6 6. cxd5 Nxd5 7. Bb2 Nd7 8. O-O
Qa5 9. d3 N5f6 10. Nbd2 Bc5 11. Nc4 Qc7 12. e4 Bg4 13. d4 Be7 14. Qc2 O-O 15.
Nfe5 Nxe5 16. Nxe5 Bh5 17. Rac1 Rad8 18. f3 Bd6 19. Nc4 Be7 20. Qc3 Bg6 21. Rc2
Kh8 22. Rfc1 Nd7 23. Kh1 Nf6 24. Ba1 Rg8 25. Ne5 Nd7 26. Nxg6+ hxg6 27. Kg1 Nf6
28. Bb2 Qb6 29. Qc4 g5 30. Bh1 Rge8 31. a3 Bd6 32. Rf2 Bf8 33. Bg2 Rd7 34. b4
a5 35. bxa5 Qxa5 36. Ra1 Qa7 37. f4 Ng4 38. Rf3 gxf4 39. Rxf4 Ne5 40. Qe2 Kg8
41. Rf2 Rxd4 42. Bxd4 Qxd4 43. Rd1 Qa7 44. Kh1 Bxa3 45. Rff1 Bc5 46. Qh5 Bd4
47. Qg5 b5 48. Qh5 Rb8 49. Rd2 b4 50. Rdd1 b3 51. Bh3 b2 52. Qe2 Qa2 53. Rb1
Rb3 54. Qh5 Rf3 55. Rfd1 Rf2 56. Bg2 c5 57. Qh4 f6 58. Qh5 Qa4 59. Rg1 Rd2 60.
Rgf1 Bf2 61. Qh4 Be3 62. Qh3 Qc4 63. g4 Bg5 64. Qh5 g6 65. Qh3 Rd3 66. Bf3 Nxf3
67. Qg3 Ne5 68. Qg2 Rd2 69. Rg1 Rxg2 70. Rxg2 Be3 71. Rd1 Qd3 72. Rdg1 b1=Q 73.
h4 Bxg1 74. Rg3 Bf2+ 75. Rg1 Qxg1# 0-1

[Event "ICS Rated blitz match"]
[Site "204.178.125.65"]
[Date "2000.01.26"]
[Round "?"]
[White "Beadle"]
[Black "Hossa"]
[Result "1-0"]
[WhiteElo "2557"]
[BlackElo "2327"]
[PlyCount "167"]
[EventDate "2000.??.??"]

1. e4 e5 2. Nf3 Nc6 3. Bb5 Bc5 4. O-O Nd4 5. Nxd4 Bxd4 6. c3 Bb6 7. Bc4 Qh4 8.
Qb3 Qxe4 9. Bxf7+ Kf8 10. Bd5 Qf5 11. a4 a5 12. d3 Qxd3 13. Be3 Ne7 14. Rd1 Qg6
15. Na3 c6 16. Qxb6 Nxd5 17. Qd8+ Qe8 18. Bc5+ Kf7 19. Qh4 Qd8 20. Qh5+ g6 21.
Qxe5 Re8 22. Qg3 Kg8 23. Re1 Re6 24. Nc4 Qf6 25. Nd6 Nf4 26. Rxe6 dxe6 27. Re1
e5 28. Nc4 Qf5 29. Kh1 Be6 30. Nxe5 Bd5 31. f3 Nh5 32. Qg4 Bb3 33. Qxf5 gxf5
34. Nd7 Nf4 35. Bg1 Rd8 36. Nc5 Nd3 37. Nxb7 Ra8 38. Re2 Bxa4 39. Nd6 Rf8 40.
Rd2 Nc1 41. Bb6 Bb3 42. Bxa5 Ra8 43. Bb6 Ra1 44. Bg1 Be6 45. Rd1 Bb3 46. Re1
Bc2 47. Nc8 Kf7 48. Ne7 Bd1 49. Nxf5 Nd3 50. Nd6+ Kf6 51. Bd4+ Kg5 52. Rf1 Rb1
53. b4 Kf4 54. Nc8 Ne5 55. Ne7 Nc4 56. Kg1 Nd2 57. Re1 Nc4 58. h4 Bxf3 59. Rxb1
Be4 60. Rf1+ Kg3 61. Bf2+ Kf4 62. Be1+ Ke3 63. Rf6 Nb2 64. Re6 Nd3 65. b5 cxb5
66. Nd5+ Ke2 67. Rxe4+ Kd1 68. Bg3 Nc1 69. Re7 h6 70. Kf2 Kc2 71. Ke3 Kb3 72.
Bf4 h5 73. Rh7 Kc2 74. Rxh5 Kb2 75. Rg5 Na2 76. h5 Nxc3 77. h6 Nd1+ 78. Ke2 Kc2
79. h7 Nb2 80. h8=Q Nd1 81. Rg3 Kb1 82. Kxd1 b4 83. Rb3+ Ka2 84. Qb2# 1-0

[Event "ICS Rated standard match"]
[Site "204.178.125.65"]
[Date "2000.01.26"]
[Round "?"]
[White "Hossa"]
[Black "KnightnShininA"]
[Result "1-0"]
[WhiteElo "2241"]
[BlackElo "1843"]
[PlyCount "145"]

1. e4 c5 2. Nf3 d6 3. d4 cxd4 4. Nxd4 Nf6 5. Nc3 g6 6. Be3 Bg7 7. f3 O-O 8. Bc4
Nc6 9. Bb3 Nxd4 10. Bxd4 Qa5 11. O-O Be6 12. Qd3 Rac8 13. Rfe1 Rfd8 14. Qe3 b6
15. Qd3 Qb4 16. a3 Qa5 17. Nb5 Bxb3 18. Qxb3 Nd7 19. Bxg7 Kxg7 20. Re2 a6 21.
Nc3 Qc5+ 22. Rf2 e6 23. Rd1 b5 24. Na2 Qb6 25. c3 Ne5 26. Rd4 Nc4 27. Qc2 f5
28. exf5 gxf5 29. Qc1 h6 30. Nb4 a5 31. Nc2 e5 32. Rd3 a4 33. Nb4 Qb7 34. Nd5
Rc5 35. Ne3 f4 36. Nxc4 bxc4 37. Rdd2 d5 38. Rfe2 Re8 39. Qe1 Qe7 40. Qd1 Qa7
41. Kh1 Qd7 42. Qe1 Qd6 43. Qh4 Qg6 44. Rd1 Rb5 45. Qh3 Rb7 46. Red2 Rd8 47.
Qh4 d4 48. Qxd8 d3 49. Qd5 Qf7 50. Qxe5+ Qf6 51. Re1 Qxe5 52. Rxe5 Rc7 53. Kg1
h5 54. Rxh5 Re7 55. Rc5 Re1+ 56. Kf2 Rc1 57. Rxc4 Rc2 58. Ke1 Rc1+ 59. Rd1 Rc2
60. Rxf4 Rxb2 61. Rxd3 Rb7 62. Rxa4 Re7+ 63. Kf2 Kf7 64. g4 Ke8 65. Re4 Kf7 66.
Rxe7+ Kxe7 67. Ke3 Kf7 68. Ke4 Ke7 69. Ke5 Kf7 70. Rd7+ Kg6 71. f4 Kh6 72. g5+
Kg6 73. Ke6 1-0

[Event "ICS rated blitz match"]
[Site "204.178.125.65"]
[Date "2000.01.26"]
[Round "?"]
[White "JenMan"]
[Black "Hossa"]
[Result "0-1"]
[WhiteElo "1990"]
[BlackElo "2334"]
[PlyCount "116"]

1. d4 Nf6 2. Bg5 e6 3. Nd2 d5 4. c3 Be7 5. e3 c5 6. Bd3 O-O 7. f4 b6 8. Ngf3 h6
9. Bh4 cxd4 10. exd4 Ba6 11. Bxa6 Nxa6 12. Qe2 Nb8 13. O-O Re8 14. Ne5 Nbd7 15.
Nc6 Qc7 16. Nxe7+ Rxe7 17. Kh1 Qc6 18. Nf3 Ree8 19. Ne5 Qc8 20. g4 Ne4 21. Rg1
Qc7 22. g5 hxg5 23. Bxg5 f6 24. Nxd7 Qxd7 25. Bh4 e5 26. fxe5 fxe5 27. Qg4 Qxg4
28. Rxg4 exd4 29. cxd4 Rac8 30. Rg2 Rc7 31. Rag1 Rf8 32. h3 Rf4 33. Be1 Rf3 34.
Kh2 Rd3 35. Bf2 Kh7 36. b3 Rf7 37. Be1 Rxd4 38. Re2 Rd3 39. Rg4 Rf6 40. Kg2 Rh6
41. h4 Rc6 42. h5 Rh6 43. Rh4 b5 44. Bf2 a5 45. Be3 Nc3 46. Bxh6 Nxe2 47. Bg5
Rg3+ 48. Kf2 Rxg5 49. Kxe2 Kh6 50. Rf4 Rxh5 51. a4 b4 52. Kd3 Rh3+ 53. Kd4 Rxb3
54. Kxd5 Ra3 55. Kc4 Rxa4 56. Rf5 g5 57. Rb5 b3+ 58. Kxb3 Rb4+ 0-1

[Event "ICS rated blitz match"]
[Site "204.178.125.65"]
[Date "2000.01.26"]
[Round "?"]
[White "MMWeber"]
[Black "Hossa"]
[Result "0-1"]
[WhiteElo "2034"]
[BlackElo "2338"]
[PlyCount "90"]

1. e4 e5 2. Nf3 Nc6 3. Bb5 Nge7 4. O-O a6 5. Ba4 b5 6. Bb3 f6 7. c3 Na5 8. Bc2
g6 9. d4 Bg7 10. Nbd2 O-O 11. b4 Nac6 12. d5 Na7 13. a4 f5 14. axb5 axb5 15.
Nb3 fxe4 16. Bxe4 Nf5 17. Re1 Nd6 18. Nc5 Nxe4 19. Nxe4 Bb7 20. Be3 Qb8 21. h4
Nc8 22. Qd3 Ne7 23. h5 Nxd5 24. hxg6 hxg6 25. Nc5 Rxa1 26. Rxa1 Nxe3 27. Qxe3
Bxf3 28. Nxd7 Qe8 29. Nxf8 Bc6 30. Ra7 Bxf8 31. Rxc7 Bd6 32. Ra7 Bb8 33. Ra6
Bb7 34. Ra5 Qc6 35. f3 Bc7 36. Qg5 Bxa5 37. bxa5 e4 38. Qd8+ Kf7 39. fxe4 Qxe4
40. Qd2 Ke8 41. Kf1 Bc6 42. a6 Qa4 43. Qe3+ Kd7 44. Qd4+ Qxd4 45. cxd4 Kc7 0-1

[Event "ICS rated blitz match"]
[Site "204.178.125.65"]
[Date "2000.01.26"]
[Round "?"]
[White "Hossa"]
[Black "arty"]
[Result "1-0"]
[WhiteElo "2343"]
[BlackElo "2080"]
[PlyCount "47"]

1. e4 c6 2. Nc3 d5 3. Nf3 dxe4 4. Nxe4 Nf6 5. Nxf6+ gxf6 6. d4 Bf5 7. Bd3 Nd7
8. Be3 e6 9. c3 Bxd3 10. Qxd3 Ne5 11. Nxe5 fxe5 12. Qe4 exd4 13. Bxd4 Rg8 14.
O-O-O Qg5+ 15. Be3 Qg6 16. Qd4 Be7 17. Qd7+ Kf8 18. Qxb7 Re8 19. Qxc6 Qxg2 20.
Bh6+ Rg7 21. Qxg2 Bf6 22. Rhg1 Ke7 23. Bxg7 Bxg7 24. Qg5+ 1-0

[Event "ICS rated blitz match"]
[Site "204.178.125.65"]
[Date "2000.01.26"]
[Round "?"]
[White "Hossa"]
[Black "Migla"]
[Result "0-1"]
[WhiteElo "2349"]
[BlackElo "2031"]
[PlyCount "140"]

1. e4 e6 2. d4 d5 3. Nc3 dxe4 4. Nxe4 Nd7 5. Nf3 Ngf6 6. Bd3 Be7 7. Nxf6+ Nxf6
8. O-O O-O 9. Re1 b6 10. Bg5 Bb7 11. c3 h6 12. Bxf6 Bxf6 13. Qe2 Qd5 14. Qc2
Qh5 15. Be4 Bxe4 16. Qxe4 Qd5 17. Qxd5 exd5 18. Ne5 Rfe8 19. Nc6 a5 20. b3 Kf8
21. c4 dxc4 22. bxc4 Rxe1+ 23. Rxe1 Re8 24. Kf1 Rxe1+ 25. Kxe1 Ke8 26. a4 Kd7
27. d5 Kd6 28. Kd2 Kc5 29. Kd3 Kd6 30. g3 Kc5 31. f3 Kd6 32. h4 Kc5 33. f4 Kd6
34. h5 Kc5 35. f5 Kd6 36. g4 Kc5 37. Nb8 Kb4 38. Na6+ Kxa4 39. Nxc7 Kb3 40. Na6
a4 41. c5 bxc5 42. Nxc5+ Kb4 43. Nxa4 Kxa4 44. Kc4 Be7 45. f6 Bxf6 46. d6 Bd8
47. Kc5 Kb3 48. Kc6 Kc4 49. Kd7 Bg5 50. Kc6 Kd4 51. d7 Ke4 52. Kb6 Kf4 53. Kb7
Kxg4 54. Kc7 Kxh5 55. Kb6 Kg4 56. Kc7 h5 57. Kb7 h4 58. d8=Q Bxd8 59. Kc6 h3
60. Kd6 h2 61. Kc5 h1=Q 62. Kc4 Kf4 63. Kc5 Ke5 64. Kc4 Qc6+ 65. Kd3 Bb6 66.
Ke2 Ke4 67. Kd2 Be3+ 68. Ke2 Qc2+ 69. Ke1 Qf2+ 70. Kd1 Qd2# 0-1

[Event "ICS rated blitz match"]
[Site "204.178.125.65"]
[Date "2000.01.26"]
[Round "?"]
[White "Malanga"]
[Black "Hossa"]
[Result "0-1"]
[WhiteElo "2059"]
[BlackElo "2321"]
[PlyCount "60"]

1. e4 e5 2. Nf3 Nc6 3. Bb5 Nge7 4. d4 Nxd4 5. Nxd4 a6 6. Bc4 exd4 7. Qxd4 Nc6
8. Qe3 b5 9. Bb3 Bd6 10. f4 Qe7 11. Nc3 Bc5 12. Qg3 O-O 13. Be3 Bb4 14. O-O
Bxc3 15. bxc3 Qxe4 16. Rae1 Qg6 17. Qf2 Qf5 18. Rd1 Re8 19. Rd5 Qf6 20. g4 d6
21. g5 Qxc3 22. Rd3 Qa5 23. f5 Ne5 24. g6 Qb4 25. Rd4 Qc3 26. Re4 Bb7 27. Rxe5
Rxe5 28. gxf7+ Kh8 29. f6 Rxe3 30. f8=Q+ Rxf8 0-1

[Event "ICS rated blitz match"]
[Site "204.178.125.65"]
[Date "2000.01.26"]
[Round "?"]
[White "egya"]
[Black "Hossa"]
[Result "0-1"]
[WhiteElo "1981"]
[BlackElo "2337"]
[PlyCount "44"]

1. b3 e5 2. Bb2 Nc6 3. e3 d5 4. Bb5 Bd6 5. f4 f6 6. fxe5 fxe5 7. Nf3 Bg4 8. O-O
Nf6 9. h3 Bxf3 10. Qxf3 O-O 11. Nc3 Nb4 12. a3 Nxc2 13. Ra2 a6 14. Be2 Ne4 15.
Qg4 Nxd2 16. Rc1 Nxe3 17. Qe6+ Kh8 18. Nxd5 Qg5 19. Nxe3 Qxe3+ 20. Kh1 Qxe2 21.
Qg4 Rf1+ 22. Kh2 e4+ 0-1

[Event "ICS rated blitz match"]
[Site "204.178.125.65"]
[Date "2000.01.26"]
[Round "?"]
[White "Hossa"]
[Black "arty"]
[Result "1-0"]
[WhiteElo "2341"]
[BlackElo "2115"]
[PlyCount "67"]

1. e4 c5 2. Nf3 e6 3. d4 cxd4 4. Nxd4 Nf6 5. Nc3 Nc6 6. Ndb5 Bb4 7. Bg5 Qa5 8.
Bxf6 gxf6 9. a3 Bxc3+ 10. bxc3 O-O 11. Qg4+ Kh8 12. Qh4 Qd8 13. Qh6 Rg8 14. Nd6
Qe7 15. Rd1 b6 16. Qh4 a5 17. g3 Ba6 18. Bxa6 Rxa6 19. Qh5 Rg7 20. Qb5 Ra8 21.
Qxb6 Rb8 22. Qc7 Rgg8 23. a4 Ne5 24. Qxa5 Nf3+ 25. Ke2 Ne5 26. f4 Nc6 27. Qh5
Rg7 28. Kf2 Rb2 29. Rd2 Kg8 30. Rhd1 Nb8 31. Qc5 Qd8 32. Kf1 Ra2 33. Qb5 Qc7
34. Qb3 1-0

[Event "ICS Rated blitz match"]
[Site "204.178.125.65"]
[Date "2000.01.27"]
[Round "?"]
[White "Hossa"]
[Black "cushite"]
[Result "1-0"]
[WhiteElo "2348"]
[BlackElo "2033"]
[PlyCount "109"]

1. e4 c5 2. Nf3 Nc6 3. d4 cxd4 4. Nxd4 Nf6 5. Nc3 e6 6. Nxc6 bxc6 7. e5 Nd5 8.
Ne4 f5 9. Nd6+ Bxd6 10. exd6 O-O 11. c4 Nf6 12. Be2 Ba6 13. O-O Rb8 14. Qa4 Qc8
15. Re1 c5 16. Qa3 Ne4 17. Bf4 Qc6 18. f3 Nxd6 19. Rad1 Nxc4 20. Bxc4 Bxc4 21.
Bxb8 Rxb8 22. Qxa7 Rb7 23. Qa8+ Kf7 24. b3 Bd5 25. Qh8 h6 26. Qh7 Rb4 27. Rd2
Rh4 28. Rde2 Qd6 29. g3 Rd4 30. Rf2 c4 31. g4 cxb3 32. axb3 Rf4 33. gxf5 Rxf5
34. Rg2 Qc5+ 35. Kh1 Rg5 36. Rxg5 hxg5 37. Qh5+ Kf8 38. Kg2 Qc2+ 39. Kg3 Qf5
40. Re3 Qf4+ 41. Kf2 Qf5 42. b4 Qc2+ 43. Re2 Qc1 44. Qh8+ Kf7 45. Kg2 Qf4 46.
Qh5+ Ke7 47. h3 Kd6 48. Qg4 Kc6 49. Qxf4 gxf4 50. Re5 Kb5 51. Rg5 Kxb4 52. Rxg7
Kc4 53. h4 d6 54. h5 e5 55. h6 1-0

[Event "ICS Rated blitz match"]
[Site "204.178.125.65"]
[Date "2000.01.27"]
[Round "?"]
[White "Hossa"]
[Black "iowa6"]
[Result "1-0"]
[WhiteElo "2352"]
[BlackElo "2292"]
[PlyCount "41"]

1. e4 Nc6 2. Nf3 f5 3. exf5 d5 4. Bb5 Bxf5 5. Ne5 Qd6 6. d4 Nf6 7. O-O Nd7 8.
Bxc6 bxc6 9. Bf4 Nxe5 10. Bxe5 Qb4 11. b3 O-O-O 12. c3 Qb6 13. b4 e6 14. Re1
Rd7 15. a4 Bd6 16. Nd2 Bxe5 17. Rxe5 h5 18. Nb3 Re7 19. Nc5 g5 20. Qe2 Rh6 21.
Rxf5 1-0

[Event "ICS rated blitz match"]
[Site "204.178.125.65"]
[Date "2000.01.27"]
[Round "?"]
[White "sega"]
[Black "Hossa"]
[Result "0-1"]
[WhiteElo "2199"]
[BlackElo "2365"]
[PlyCount "68"]

1. d4 Nf6 2. c4 g6 3. Nc3 Bg7 4. Nf3 d5 5. cxd5 Nxd5 6. e4 Nxc3 7. bxc3 c5 8.
Be3 Qa5 9. Qd2 Nc6 10. Be2 cxd4 11. cxd4 Qxd2+ 12. Kxd2 O-O 13. Rhc1 Rd8 14.
Rc4 f5 15. exf5 Bxf5 16. Ke1 e5 17. dxe5 Nxe5 18. Nxe5 Bxe5 19. Rd1 Rxd1+ 20.
Bxd1 Be6 21. Rc2 Re8 22. Bf3 Bf5 23. Bd5+ Kg7 24. Rc1 b6 25. Ke2 Rd8 26. Bb3
Bd3+ 27. Kf3 Rf8+ 28. Kg4 h5+ 29. Kh4 Be2 30. g3 Bg4 31. Rc2 Bf6+ 32. Bg5 Bxg5+
33. Kxg5 Rf5+ 34. Kh4 g5# 0-1

[Event "ICS rated blitz match"]
[Site "204.178.125.65"]
[Date "2000.01.27"]
[Round "?"]
[White "Hossa"]
[Black "sega"]
[Result "1/2-1/2"]
[WhiteElo "2374"]
[BlackElo "2190"]
[PlyCount "66"]

1. e4 e5 2. Nf3 Qe7 3. Bc4 d6 4. Nc3 c6 5. d3 g6 6. O-O Bg7 7. Bg5 Nf6 8. d4
O-O 9. Qd3 Bg4 10. dxe5 dxe5 11. Rad1 h6 12. Bh4 g5 13. Bg3 Nbd7 14. h3 Bh5 15.
Qd6 Rfe8 16. Qc7 Bxf3 17. gxf3 Nb6 18. Qxe7 Rxe7 19. Bb3 Nfd7 20. Rd6 Nc5 21.
Rfd1 Nxb3 22. cxb3 f6 23. Na4 Nxa4 24. bxa4 Rae8 25. a5 a6 26. a4 Kf7 27. Kg2
Bf8 28. b3 Rc7 29. Rd7+ Re7 30. Rd8 Re8 31. R8d7+ Re7 32. Rd8 Re8 33. R8d7+ Re7
1/2-1/2

[Event "ICS rated blitz match"]
[Site "204.178.125.65"]
[Date "2000.01.27"]
[Round "?"]
[White "Tb7"]
[Black "Hossa"]
[Result "0-1"]
[WhiteElo "1999"]
[BlackElo "2366"]
[PlyCount "42"]

1. d4 Nf6 2. c4 g6 3. Nc3 Bg7 4. e4 d6 5. Be2 O-O 6. Nf3 e5 7. O-O exd4 8. Nxd4
Re8 9. f3 Bd7 10. Rb1 Nc6 11. Nc2 Qe7 12. b4 Qe5 13. Nb5 Rac8 14. Bb2 Qg5 15.
f4 Qh4 16. g3 Qh3 17. Ne3 Rxe4 18. Nd5 Ng4 19. Bxg4 Bxg4 20. Qd3 Re2 21. Ne3
Qxh2# 0-1

[Event "ICS rated blitz match"]
[Site "204.178.125.65"]
[Date "2000.01.27"]
[Round "?"]
[White "Hossa"]
[Black "BugChess"]
[Result "1-0"]
[WhiteElo "2369"]
[BlackElo "2371"]
[PlyCount "177"]

1. e4 c5 2. Nf3 e6 3. d4 cxd4 4. Nxd4 Nf6 5. Nc3 d6 6. Be2 a6 7. f4 Qc7 8. O-O
Be7 9. Be3 O-O 10. Qd3 Nbd7 11. Nb3 Nc5 12. Nxc5 dxc5 13. Rad1 Rd8 14. Qc4 b5
15. Rxd8+ Qxd8 16. Qd3 Bb7 17. e5 Nd5 18. Rd1 Qc7 19. Nxd5 Bxd5 20. a3 Rd8 21.
Qc3 c4 22. b3 Qc6 23. Bf1 Rb8 24. b4 f6 25. Bd4 Rf8 26. Rd2 fxe5 27. Bxe5 Bd6
28. g3 Bxe5 29. Qxe5 Qb6+ 30. Qd4 Qb7 31. Bg2 Bxg2 32. Rxg2 Rf5 33. Qd6 Qa7+
34. Kh1 Qe3 35. h3 Qxa3 36. Qxe6+ Rf7 37. Qe8+ Rf8 38. Qe7 a5 39. Qe6+ Kh8 40.
bxa5 Qa1+ 41. Kh2 Qxa5 42. Re2 Qa8 43. Qe7 Rd8 44. c3 h6 45. h4 Kh7 46. Rf2 Rd1
47. Kh3 Qh1+ 48. Kg4 Rc1 49. Qe5 Ra1 50. Qxb5 Qd1+ 51. Rf3 Ra7 52. h5 Ra8 53.
Qxc4 Qd7+ 54. Kh4 Kh8 55. Rd3 Qe8 56. Qc7 Qe4 57. Rd4 Qe8 58. c4 Qg8 59. c5 Rc8
60. Qe7 Re8 61. Qd7 Re2 62. Kg4 g6 63. Rd6 Qf8 64. hxg6 h5+ 65. Kxh5 Rh2+ 66.
Kg4 Rh1 67. Re6 Rh6 68. Re8 Rxg6+ 69. Kf3 Qxe8 70. Qxe8+ Rg8 71. Qxg8+ Kxg8 72.
c6 Kf7 73. c7 Ke6 74. c8=Q+ Kd5 75. Qc6+ Kxc6 76. Ke4 Kd6 77. g4 Ke7 78. g5 Kd6
79. f5 Kd7 80. Ke5 Ke8 81. Ke6 Kd8 82. f6 Kc7 83. f7 Kc6 84. f8=Q Kb6 85. Qf5
Ka7 86. Qb5 Ka8 87. Kd7 Ka7 88. Kc8 Ka8 89. Qa5# 1-0

[Event "ICS rated blitz match"]
[Site "204.178.125.65"]
[Date "2000.01.27"]
[Round "?"]
[White "BugChess"]
[Black "Hossa"]
[Result "1-0"]
[WhiteElo "2357"]
[BlackElo "2385"]
[PlyCount "115"]
[EventDate "2000.??.??"]

1. e4 e5 2. Nf3 Nc6 3. Bb5 Nge7 4. O-O a6 5. Ba4 b5 6. Bb3 f6 7. d4 exd4 8.
Nxd4 Na5 9. Qh5+ g6 10. Qf3 Nec6 11. Nxc6 Nxc6 12. Bg5 Nd4 13. Qxf6 Qxf6 14.
Bxf6 Nxb3 15. axb3 Rg8 16. Nc3 Bb7 17. Nd5 Kf7 18. Bd4 c5 19. Be3 Re8 20. Rfd1
Rxe4 21. Nc3 Re5 22. Bf4 Re6 23. Rxd7+ Re7 24. Rad1 g5 25. Be3 Bc6 26. Rd8 Re6
27. Ra1 b4 28. Na4 h6 29. Rad1 c4 30. Rc8 cxb3 31. cxb3 Rf6 32. Rdd8 Bxa4 33.
bxa4 Re6 34. Kf1 Re5 35. Bd4 Rf5 36. Rc7+ Ke6 37. Rc6+ Ke7 38. Ra8 Kf7 39. Ra7+
Be7 40. Bc5 Rxc5 41. Rxc5 a5 42. Rc6 Rd8 43. Rxh6 Rd1+ 44. Ke2 Rb1 45. Rh7+ Kg6
46. Rhxe7 Rxb2+ 47. Kf3 Kf6 48. Reb7 Ra2 49. Rxa5 Ke6 50. Rxb4 Kf7 51. Rb6 Rd2
52. Ra7+ Ke8 53. Rh7 Rd8 54. Rbb7 Rd3+ 55. Ke4 Rd7 56. Rhxd7 g4 57. g3 Kf8 58.
Rb8# 1-0

[Event "ICS rated blitz match"]
[Site "204.178.125.65"]
[Date "2000.01.27"]
[Round "?"]
[White "counterplay"]
[Black "Hossa"]
[Result "1-0"]
[WhiteElo "2761"]
[BlackElo "2366"]
[PlyCount "39"]
[EventDate "2000.??.??"]

1. e4 e5 2. Nf3 Nc6 3. Bb5 Nf6 4. O-O Bc5 5. c3 O-O 6. d4 Bb6 7. Bg5 exd4 8. e5
h6 9. Bh4 dxc3 10. Nxc3 g5 11. exf6 gxh4 12. Nd5 h3 13. Qc1 Nd4 14. Qxh6 Nf5
15. Qg5+ Kh8 16. Qxf5 Bxf2+ 17. Kxf2 Re8 18. Qxh3+ Kg8 19. Qg4+ Kh8 20. Qg7#
1-0